LEADER 01638nas 2200445 c 450 001 9910891791003321 005 20260218112518.0 035 $a(DE-599)ZDB2757504-4 035 $a(OCoLC)985077875 035 $a(DE-101)1047550229 035 $a(CKB)4910000000548611 035 $a(DE-599)2757504-4 035 $a(EXLCZ)994910000000548611 100 $a20140217b19921995 |y | 101 0 $acze 135 $aur||||||||||| 181 $ctxt$2rdacontent 182 $cc$2rdamedia 183 $acr$2rdacarrier 200 10$aSborni?k Praci? Filozoficke? Fakulty Brne?nske? Univerzity$e= Studia minora Facultatis Philosophicae Universitatis Brunensis$hE$iR?ada archeologicko-klasicka? = Series archaeologica et classica$fMasarykova Univerzita 210 31$aBrno$cUniv.$d1992-1995 215 $aOnline-Ressource 300 $aGesehen am 17.02.14 517 1 $aStudia minora Facultatis Philosophicae Universitatis Brunensis 517 1 $aSborni?k Praci? Filozoficke? Fakulty Brne?nske? Univerzity / E 606 $aGeisteswissenschaften$3(DE-588)4019838-8$3https://d-nb.info/gnd/4019838-8$3(DE-101)040198383$9rswk-swf$2gnd 606 $aZeitschrift$3(DE-588)4067488-5$3https://d-nb.info/gnd/4067488-5$3(DE-101)040674886$9rswk-swf$2gnd 608 $aZeitschrift$2gnd-content 615 7$aGeisteswissenschaften. 615 7$aZeitschrift. 676 $a470 676 $a480 676 $a930 801 0$b0355 801 1$bDE-101 801 2$b9001 906 $aJOURNAL 912 $a9910891791003321 996 $aSborník prací Filozofické fakulty brn?nské univerzity$94236804 997 $aUNINA